| 000 | 00577nam a2200169Ia 4500 | ||
|---|---|---|---|
| 008 | 090711s9999 xx 000 0 und d | ||
| 082 | _b1255 | ||
| 100 | _aबेडेकर विश्राम | ||
| 245 | _aटिळक आणि आगरकर | ||
| 260 |
_bपॉप्युलर प्रकाशन _c1998 |
||
| 300 | _a127 | ||
| 600 | _aबेडेकर विश्राम | ||
| 630 | _aटिळक आणि आगरकर | ||
| 700 | _aबेडेकर विश्राम | ||
| 730 | _aटिळक आणि आगरकर | ||
| 942 | _cBOOK | ||
| 999 |
_c336237 _d336237 |
||